必须括注中文名的俄罗斯地名(反客为主版)Russian Places that Must Mark Out Chinese Names - Statistics

General Stats
  • This quiz has been taken 93 times
  • The average score is 5 of 8
Answer Stats
俄称 中文名括注 % Correct
符拉迪沃斯托克 海参崴
99%
萨哈林岛 库页岛
68%
哈巴罗夫斯克 伯力
66%
布拉戈维申斯克 海兰泡
59%
乌苏里斯克 双城子
48%
涅尔琴斯克 尼布楚
41%
尼古拉耶夫斯克 庙街
38%
斯塔诺夫山脉 外兴安岭
33%
No matching quizzes found
Score Distribution
Percent of People with Each Score
Percentile by Number Answered
Your Score History
You have not taken this quiz